| 000 | 01152nam a2200265 i 4500 | ||
|---|---|---|---|
| 001 | 189913 | ||
| 003 | SpMaBN | ||
| 005 | 20250628064908.0 | ||
| 008 | 191226s1991 ck |||| | spa d | ||
| 080 | _a860(861) García Márquez, Gabriel 7 Otoño del patriarca .08 | ||
| 100 | 1 |
_aCeleita Reyes, Lola. _9169259 _eaut |
|
| 245 | 1 | 3 |
_aUn modelo lingüístico para el análisis integral de discursos _b: propuesta metodológica aplicada a "El otoño del patriarca" / _cLola Celeita Reyes, Neyla Graciela Pardo Abril. |
| 260 |
_aBogotá : _bInstituto Caro y Cuervo, _c1991. |
||
| 300 |
_a204 p., [5] h. (algunas pleg.) ; _c25 cm. |
||
| 490 | 1 |
_aCuadernos del Seminario Andrés Bello ; _v5 |
|
| 500 | _aGlosario. | ||
| 504 | _aBibliografía: p. [197]-201. | ||
| 600 | 1 | 7 |
_aGarcía Márquez, Gabriel. _tEl otoño del patriarca. _9169260 |
| 700 | 1 |
_aPardo Abril, Neyla Graciela. _9169261 _eaut |
|
| 710 | 2 |
_aInstituto Caro y Cuervo. _94806 _eedt |
|
| 830 | 0 |
_aCuadernos del Seminario Andrés Bello ; _v5 _9193462 |
|
| 852 |
_aES-MaACL _cDEPO2 _hDonat. herederos José Prat _jL-32496 |
||
| 942 |
_2udc _cMONOGRAFIA _n0 |
||
| 999 |
_c189913 _d189913 |
||